| 000 | 01620nam0a22003371 4500 | ||
|---|---|---|---|
| 001 | rc\4662141 | ||
| 005 | 20250612144607.0 | ||
| 021 |
_aRU _b[68-38646] |
||
| 035 | _a(NLR Aleph) 008697526 | ||
| 090 |
_a9277989 _c9277989 |
||
| 100 | _a20130416d1968 |||y0rusy50 ca | ||
| 101 | 0 | _arus | |
| 102 | _aRU | ||
| 105 | _aa z ||||| | ||
| 200 | 1 |
_aПереработка сланца и сланцевой смолы _fМ-во нефтеперерабатывающей и нефтехим. пром-сти СССР. Центр. науч.-исслед. ин-т техн.-экон. исследований нефтеперерабатывающей и нефтехим. пром-сти |
|
| 210 |
_aМосква _cБ. и. _d1968 |
||
| 215 |
_a59 с. _cчерт. _d21 |
||
| 225 | 1 |
_a[Аналитические и сопоставительные обзоры] _iСерия "Нефтехимия и сланцепереработка" |
|
| 300 | _aАвт. разделов: В. М. Ефимов, Э. Э. Пийк, В. В. Шелоумов и др. | ||
| 320 | _aБиблиогр.: с. 55-58 (54 назв.) | ||
| 606 |
_aСланцевые смолы _xПереработка _2psbo |
||
| 606 |
_aСланцы горючие _xПереработка _2psbo |
||
| 701 | 1 |
_aПийк _bЭ.Э. |
|
| 701 | 1 |
_4070 _7ca _8rus _aЕфимов _bВ. М. _cд-р техн. наук _f1930-2002 _gВиктор Михайлович _9263362 _3RU\NLR\AUTH\770263418 |
|
| 701 | 1 |
_aШелоумов _bВ.В. |
|
| 801 | 0 |
_aRU _bNLR _gpsbo |
|
| 801 | 1 |
_aRU _bELAR _2rusmarc |
|
| 852 |
_aNLR _j68-6/5772 |
||
| 942 | _cBOOK | ||
| 980 | _aNB | ||